Little black Sambo, (Record no. 18218)

MARC details
000 -LEADER
fixed length control field 00634cam a22002171 4500
001 - CONTROL NUMBER
control field ca 36001202
003 - CONTROL NUMBER IDENTIFIER
control field DLC
005 - DATE AND TIME OF LATEST TRANSACTION
control field 20260227111142.0
008 - FIXED-LENGTH DATA ELEMENTS--GENERAL INFORMATION
fixed length control field 750520s1928 nyu 000 0 eng
010 ## - LIBRARY OF CONGRESS CONTROL NUMBER
LC control number ca 36001202
035 ## - SYSTEM CONTROL NUMBER
System control number (OCoLC)1347369
040 ## - CATALOGING SOURCE
Original cataloging agency DLC
Transcribing agency FM
Modifying agency NN
-- DLC
042 ## - AUTHENTICATION CODE
Authentication code premarc
050 00 - LIBRARY OF CONGRESS CALL NUMBER
Classification number PN6120.A5
Item number K33
082 ## - DEWEY DECIMAL CLASSIFICATION NUMBER
Classification number 812.5
100 1# - MAIN ENTRY--PERSONAL NAME
Personal name Kaufman, Hazel Sharrard.
245 10 - TITLE STATEMENT
Title Little black Sambo,
Remainder of title a play in three scenes for pre-school children,
Statement of responsibility, etc. by Hazel Sharrard Kaufman.
260 ## - PUBLICATION, DISTRIBUTION, ETC.
Place of publication, distribution, etc. New York City,
Name of publisher, distributor, etc. S. French
Date of publication, distribution, etc. [c1928]
300 ## - PHYSICAL DESCRIPTION
Extent 4 p. l., 3-21 p.
Dimensions 20 cm.
490 0# - SERIES STATEMENT
Series statement The Junior league plays

No items available.

Powered by Koha